000 00309nam a22001337a 4500
008 190225b xxu||||| |||| 00| 0 eng d
020 _a9780030287626
041 _aeng
080 _a371
100 _a25
101 _aEDU
245 _aStudents writing across the disciplines
_cCLegg, C.S
942 _2udc
_cBK
999 _c54197
_d54197